| 000 | 01008nam a2200217Ia 4500 | ||
|---|---|---|---|
| 999 |
_c38868 _d38868 |
||
| 001 | 5281 | ||
| 003 | GE_BSU | ||
| 005 | 20190516154641.0 | ||
| 008 | 181216s1972||||ge |||||||||||||| ||geo|| | ||
| 040 | _cGE_BSU | ||
| 041 | _ageo | ||
| 080 | _a666.9 + 693.5(075) ა-65 | ||
| 100 |
_aანდღულაძე, ქ. _91242 |
||
| 245 |
_aბეტონისა და რკინა-ბეტონის სამუშაოთა ტექნოლოგია : _bსახელმძღვ. / _cქ. ანდღულაძე, დ. კოკოშვილი ; რედ. ზ.ჯიბლაძე. |
||
| 264 |
_aთბილისი : _bგანათლება, _c1972. |
||
| 300 |
_a156 გვ. : _bილ. ; _c22 სმ. |
||
| 504 | _aბიბლიოგრ. : გვ.153. | ||
| 653 | _aბეტონისა და რკინა-ბეტონის ტექნოლოგია | ||
| 700 |
_aკოკოშვილი, დ. _eავტორი _91243 |
||
| 942 |
_cBK _2udc |
||